Movies Quiz

Random Movies or Oscar Quiz

Oscar Nominees (2011) Quiz Stats

 Plays Quiz Updated Feb 12, 2020

     
Support Sporcle.
Go Orange.
Score 0/49 Timer 10:00
1 Play Today
Category Nominee % Correct
Best Original Screenplay
Film Name
The Artist
80.7%
Best PictureTHE ARTIST
80.7%
Best ActorGeorge Clooney (The Descendants)
80.6%
Best ActressMERYL STREEP (The Iron Lady)
79.4%
Best ActorBrad Pitt (Moneyball)
76.9%
Best Adapted Screenplay
Film Name
THE DESCENDANTS
72.8%
Best PictureThe Descendants
72.8%
Best Adapted Screenplay
Film Name
Moneyball
69.1%
Best PictureMoneyball
69.1%
Best Adapted Screenplay
Film Name
Hugo
67.2%
Best PictureHugo
67.2%
Best PictureThe Help
65.2%
Best ActressViola Davis (The Help)
58.3%
Best Supporting ActorJonah Hill (Moneyball)
54.9%
Best DirectorMartin Scorsese (Hugo)
52.6%
Best Supporting ActressOCTAVIA SPENCER (The Help)
52%
Best ActorJEAN DUJARDIN (The Artist)
52%
Best Supporting ActorCHRISTOPHER PLUMMER (Beginners)
49.9%
Best Original Screenplay
Film Name
MIDNIGHT IN PARIS
47.5%
Best PictureMidnight in Paris
47.5%
Best PictureWar Horse
46.1%
Best ActressMichelle Williams (My Week with Marilyn)
43.8%
Best PictureThe Tree of Life
43.3%
Best Animated FeatureRANGO
42.7%
Best PictureExtremely Loud and Incredibly Close
42.6%
Category Nominee % Correct
Best DirectorWoody Allen (Midnight in Paris)
41.1%
Best Supporting ActressJessica Chastain (The Help)
40.6%
Best ActressGlenn Close (Albert Nobbs)
39.8%
Best ActorGary Oldman (Tinker, Tailor, Soldier, Spy)
37.7%
Best ActressRooney Mara (The Girl with the Dragon Tattoo)
37.3%
Best DirectorAlexander Payne (The Descendants)
33.5%
Best Supporting ActressBérénice Bejo (The Artist)
33.1%
Best Original Screenplay
Film Name
Bridesmaids
31.6%
Best Supporting ActressMelissa McCarthy (Bridesmaids)
31.3%
Best Supporting ActorMax von Sydow (Extremely Loud and Incredibly Close)
30.2%
Best Adapted Screenplay
Film Name
Tinker, Tailor, Soldier, Spy
28.9%
Best Animated FeatureKung Fu Panda 2
28.4%
Best DirectorTerrence Malick (The Tree of Life)
28.3%
Best DirectorMICHEL HAZANAVICIUS (The Artist)
27.2%
Best Animated FeaturePuss in Boots
27%
Best Supporting ActorKenneth Branagh (My Week with Marilyn)
26.3%
Best Supporting ActorNick Nolte (Warrior)
24.1%
Best ActorDemián Bichir (A Better Life)
22.5%
Best Supporting ActressJanet McTeer (Albert Nobbs)
22.1%
Best Adapted Screenplay
Film Name
The Ides of March
20.2%
Best Original Screenplay
Film Name
A Separation
17.8%
Best Animated FeatureA Cat In Paris
17.2%
Best Animated FeatureChico & Rita
15.7%
Best Original Screenplay
Film Name
Margin Call
15.7%

From the Vault

Capital Pairs by Letters

by Headers2304

We know where these capitals start and end, who knows what's going on in the middle.
Remove Ads.
Support Sporcle.
Get the best of Sporcle when you Go Orange. This ad-free experience offers more features, more stats, and more fun while also helping to support Sporcle. Thank you for becoming a member.

Show Comments

Extras

Top Quizzes Today


Score Distribution

Your Account Isn't Verified!

In order to create a playlist on Sporcle, you need to verify the email address you used during registration. Go to your Sporcle Settings to finish the process.

Report this User

Report this user for behavior that violates our Community Guidelines.

Details: